000
00296nam a22001337a 4500
008
180922b xxu||||| |||| 00| 0 eng d
020
_a
0898383676
041
_a
eng
080
_a
617
100
_a
6
101
_a
ANE
245
_a
What's New in Anesthesiology
_c
Stanley, T.H
942
_2
udc
_c
BK
999
_c
48270
_d
48270